The letters of Sacco and Vanzetti /

Saved in:
Bibliographic Details
Main Author: Sacco, Nicola, 1891-1927
Other Authors: Frankfurter, Marion Denman, Vanzetti, Bartolomeo, 1888-1927
Format: Book
Language:English
Published: N.Y. : Viking Press, 1928.
Subjects:
LEADER 00915nam a22002411 4500
001 c000207690
003 CARM
005 20021125002100.0
008 851211s1928 nyu 00000 eng d
019 1 |a 21977041  |z 4241360  |5 LACONCORD2021 
035 |a (OCoLC)1956993  |5 LACONCORD2021 
100 1 |a Sacco, Nicola,  |d 1891-1927. 
245 1 4 |a The letters of Sacco and Vanzetti /  |c ed. by M.D.Frankfurter and G.Jackson. 
260 |a N.Y. :  |b Viking Press,  |c 1928. 
300 |a xi, 414 p. 
600 1 0 |a Vanzetti, Bartolomeo,  |d 1888-1927. 
600 1 0 |a Sacco, Nicola,  |d 1891-1927. 
700 1 |a Frankfurter, Marion Denman. 
700 1 |a Vanzetti, Bartolomeo,  |d 1888-1927. 
852 8 |b CARM  |h A2:AO35A0  |i B06495  |p 0300931  |f BK 
082 0 4 |a 323.4 
999 f f |i f7dd81e6-2039-5524-b329-d42777bf9a58  |s 7a6290c1-eaec-5065-b8de-29329e47811a 
952 f f |p Can circulate  |a CAVAL  |b CAVAL  |c CAVAL  |d CARM 1 Store  |e B06495  |f A2:AO35A0  |h Other scheme  |i book  |m 0300931